|
|
|
|
| LEADER |
00000nab#a22000007a#4500 |
| 001 |
arbauad012917 |
| 003 |
AR-BaUAD |
| 005 |
20250711111257.0 |
| 008 |
950817|||||||||###||||||b###|0###a|spa|| |
| 040 |
|
|
|a AR-BaUAD
|c AR-BaUAD
|b spa
|
| 100 |
|
|
|a Marbrier, Yves
|
| 245 |
|
|
|a Arabesque /
|c Yves Marbrier; Simona Silenzi;
|
| 300 |
0 |
|
|b fot.
|
| 500 |
|
|
|a Un antiguo palacio tunesino es un punto de partida para la creación de textiles.
|
| 653 |
|
|
|a TUNEZ
|
| 653 |
|
|
|a DISEÑO DE INTERIORES
|
| 653 |
|
|
|a DISEÑO TEXTIL
|
| 700 |
1 |
|
|a Silenzi, Simona
|
| 773 |
0 |
|
|t CASA VOGUE
|g no. 253 [jul.-ago. 1993], p. 108-115
|
| 942 |
|
|
|c ARTI
|
| 952 |
|
|
|0 0
|1 0
|4 0
|7 0
|9 57837
|a AR-BAuAD
|b AR-BAuAD
|d 2025-07-11
|l 0
|p AAQA012917
|r 2025-07-11 11:12:57
|w 2025-07-11
|y ARTI
|
| 990 |
|
|
|a DT199
|b TD
|
| 998 |
|
|
|a AAQ
|b BIBUN76
|
| 999 |
|
|
|c 37510
|d 37510
|